Structural, Civil, and Pipe Drafting for CAD Technicians

שמור ב:
מידע ביבליוגרפי
מחבר ראשי: Goetsch, David L.
פורמט: ספר
שפה:Undetermined
יצא לאור: Australia Thomson 2004
נושאים:
תגים: הוספת תג
אין תגיות, היה/י הראשונ/ה לתייג את הרשומה!
Thư viện lưu trữ: Trung tâm Học liệu Trường Đại học Cần Thơ
LEADER 00515nam a2200181Ia 4500
001 CTU_213585
008 210402s9999 xx 000 0 und d
082 |a 624 
082 |b G599 
100 |a Goetsch, David L. 
245 0 |a Structural, Civil, and Pipe Drafting for CAD Technicians 
245 0 |c David L. Goetsch 
260 |a Australia 
260 |b Thomson 
260 |c 2004 
650 |a Engineering drawings,Mechanical drawing 
904 |i Năm 
980 |a Trung tâm Học liệu Trường Đại học Cần Thơ